| 000 | 00466nam a2200181Ia 4500 | ||
|---|---|---|---|
| 008 | 130318s9999 xx 000 0 und d | ||
| 020 | _a8129703009 | ||
| 082 | _a005.133JP HAL/C | ||
| 100 | _aHall, Marty | ||
| 245 | _aCore Servlets and JavaServer Pages: Core technologies. Vol 1 | ||
| 250 | _a2 | ||
| 260 |
_bPearson Education _aNew Delhi _c2005 |
||
| 300 | _a691 | ||
| 650 | _aJAVASERVER PAGES | ||
| 650 | _aJSP | ||
| 650 | _aSERVLETS | ||
| 700 | _aBrown, Larry | ||
| 999 |
_c1041 _d1041 |
||